| Tag |
First Indicator |
Second Indicator |
Subfields |
| LEADER |
00000cam a2200000 a 4500 |
| 001 |
in00000097033 |
| 005 |
20220103114819.0 |
| 007 |
cr unu a |
| 008 |
821111s1981 xx a b 00010 eng d |
| 035 |
|
|
|9 AAK8902AM
|
| 035 |
|
|
|a (OCoLC)08947842
|
| 040 |
|
|
|a TXA
|c TXA
|d UtOrBLW
|
| 049 |
|
|
|a TXAZ [Also in] [Archives]
|c 1 [1804660], 2 [1804661]
|
| 099 |
|
|
|a 1981
|a Thesis
|a C678
|
| 100 |
1 |
|
|a Cohen, Robert Lester,
|d 1956-
|
| 245 |
1 |
0 |
|a Atmospheric influences on Gulf Stream fluctuations off Onslow Bay, North Carolina /
|c by Robert Lester Cohen.
|
| 264 |
|
1 |
|a [Place of publication not identified] :
|b [publisher not identified] ;
|c 1981.
|
| 300 |
|
|
|a ix, 51 leaves :
|b illustrations ;
|c 29 cm.
|
| 336 |
|
|
|a text
|b txt
|2 rdacontent
|
| 337 |
|
|
|a computer
|b c
|2 rdamedia
|
| 338 |
|
|
|a online resource
|b cr
|2 rdacarrier
|
| 500 |
|
|
|a "Major subject: Oceanography."
|
| 500 |
|
|
|a Typescript (photocopy).
|
| 500 |
|
|
|a Vita.
|
| 502 |
|
|
|b M.S.
|c Texas A&M University
|d 1981.
|
| 504 |
|
|
|a Bibliography: leaves 49-50.
|
| 530 |
|
|
|a Also available online.
|
| 650 |
|
0 |
|a Ocean currents.
|
| 650 |
|
0 |
|a Ocean-atmosphere interaction.
|
| 650 |
|
0 |
|a Oceanography.
|
| 650 |
|
4 |
|a Major oceanography.
|
| 651 |
|
0 |
|a Gulf Stream.
|
| 856 |
4 |
1 |
|u https://hdl.handle.net/1969.1/ETD-TAMU-1981-THESIS-C678
|z Link to OAKTrust copy
|t 0
|
| 999 |
|
|
|a MARS
|
| 999 |
f |
f |
|s 47a658e0-c89e-3a19-a868-f58663724c3e
|i 8ed3eae8-634d-3064-aa7c-790ce493d230
|t 0
|
| 952 |
f |
f |
|p noncirc
|a Texas A&M University
|b J.J. Pickle Campus
|c High Density Repository
|s HDR
|d Remote Storage
|t 0
|e 1981 Thesis C678
|h Other scheme
|i computer -- online resource
|m A14841001737
|
| 952 |
f |
f |
|a Texas A&M University
|b College Station
|c Electronic Resources
|s www_evans
|d Available Online
|t 0
|e 1981 Thesis C678
|h Other scheme
|
| 998 |
f |
f |
|a 1981 Thesis C678
|t 0
|l Remote Storage
|
| 998 |
f |
f |
|a 1981 Thesis C678
|t 0
|l Available Online
|